000
00323nam a2200145Ia 4500
100
_a
Kani/Nagoor A
650
_a
Digial signal processing
250
_a
2
942
_c
BK
245
_a
Digital signal processing
260
_b
Tata Mc Graw hill Ltd.
_c
2012
082
_a
621.3822
_b
KAN
546
_a
ENGLISH
999
_c
24172
_d
24172